000 00614nam a2200181 4500
001 132272
003 ES-MaACL
005 20250814003630.0
007 t|
008 070214s1976 sp r ||||1| spa d
245 0 0 _aRehabilitación en geriatría
_b: VI Jornadas Nacionales Sociedad Española de Rehabilitación /
_cdirigida por A. Roldán Alvarez.
260 _aVitoria :
_b[s.n.],
_c1976 (
_fImp. Evagraf)
300 _a280 p. ;
_c24 cm.
700 1 _aRoldán Alvarez, A.
_999143
710 2 _aSociedad Española de Rehabilitación
_96754
852 _aES-MaACL
_jA-9788
_bR.99019
999 _c132272
_d132272